El fantasma de Canterville /
Guardado en:
| Autor Principal: | |
|---|---|
| Otros Autores: | , |
| Formato: | Libro |
| Idioma: | Undetermined |
| Publicado: |
Barcelona :
Arte Gráfico,
2000.
|
| Series: | Grandes clásicos - Genios ;
13 |
| Materias: | |
| Etiquetas: |
Agregar Etiqueta
Sin Etiquetas, Sea el primero en etiquetar este registro!
|
| LEADER | 00694nam a22002055a 4500 | ||
|---|---|---|---|
| 001 | CEM.cems021056 | ||
| 008 | 240422s2000####sp############000#0#und#d | ||
| 005 | 20240606161600.0 | ||
| 245 | 1 | 0 | |a El fantasma de Canterville / |c Oscar Wilde ; ilustrado por Alberto Pez ; adaptado por Claudia Hartfiel. |
| 260 | |a Barcelona : |b Arte Gráfico, |c 2000. | ||
| 300 | |a 46 p. | ||
| 490 | 1 | |a Grandes clásicos - Genios ; |v 13 | |
| 020 | |a 9507820655 | ||
| 100 | 1 | |a Wilde, Oscar. | |
| 700 | 1 | |a Pez, Alberto; il. | |
| 700 | 1 | |a Hartfiel, Claudia; adapt. | |
| 653 | |a Novela juvenil | ||
| 653 | |a Literatura juvenil | ||
| 653 | |a Literatura irlandesa | ||
| 859 | |a CEMS |b BIB. CEMS - Inicial y Primaria |h 823.9 |i W644 |k IP |p 6544 |t Ej.1 | ||
